High in California - Louis Tomlinson (Lyrics) - Statistics

General Stats
  • This quiz has been taken 24 times
  • The average score is 244 of 312
Answer Stats
% Correct
California
100%
I
100%
in
100%
Smoke
100%
smoke
100%
the
100%
weed
100%
a
94%
be
94%
It
94%
it
94%
me
94%
so
94%
some
94%
wanna
94%
when
94%
When
94%
and
88%
of
88%
Outside
88%
See
88%
go
81%
I'm
81%
summertime
81%
you
81%
all
75%
All
75%
[Verse 1] Blue
75%
change
75%
different
75%
feel
75%
green
75%
it's
75%
life
75%
like
75%
[Pre-Chorus] Sun
75%
sun
75%
To
75%
to
75%
waves
75%
alive
69%
always
69%
around
69%
down
69%
for
69%
goes
69%
had
69%
just
69%
lights
69%
my
69%
Spend
69%
surrounding
69%
take
69%
thinking
69%
bad
63%
before
63%
changes
63%
coming
63%
Everything
63%
is
63%
Keep
63%
Never
63%
on
63%
said
63%
these
63%
They
63%
try
63%
where
63%
whole
63%
anyone
56%
better
56%
can
56%
else
56%
holding
56%
makes
56%
nothing
56%
same
56%
seems
56%
Somewhere
56%
than
56%
Until
56%
were
56%
windows
56%
dream
50%
roll
50%
room
50%
golden
44%
hour
44%
stays
44%
through
44%
wash
44%
could
38%
Let
38%
bloom
31%
come
31%
clouds
25%
hope
19%
into
19%
that
13%
No matching quizzes found
Score Distribution
Percent of People with Each Score
Percentile by Number Answered
Your Score History
You have not taken this quiz